Style (Record no. 14273)

MARC details
000 -LEADER
campo de control de longitud fija 00839nam a2200241 i 4500
001 - NÚMERO DE CONTROL
campo de control 14273
003 - IDENTIFICADOR DE NÚMERO DE CONTROL
campo de control ES-MaACL
005 - FECHA Y HORA DE LA ÚLTIMA TRANSACCIÓN
campo de control 20230906150749.0
007 - CAMPO FIJO DE DESCRIPCIÓN FÍSICA--INFORMACIÓN GENERAL
campo de control de longitud fija t|
008 - DATOS DE LONGITUD FIJA--INFORMACIÓN GENERAL
campo de control de longitud fija 981125s1990 xxu ||||1| eng d
020 ## - NÚMERO INTERNACIONAL ESTÁNDAR DEL LIBRO
Número Internacional Estándar del Libro 0-226-89914-4
080 ## - NÚMERO DE LA CLASIFICACIÓN DECIMAL UNIVERSAL
Número de la Clasificación Decimal Universal 821.111.08
100 1# - ENTRADA PRINCIPAL--NOMBRE DE PERSONA
Nombre de persona Williams, Joseph M.
9 (RLIN) 116937
245 10 - MENCIÓN DEL TÍTULO
Título Style
Resto del título : toward clarity and grace /
Mención de responsabilidad, etc. Joseph M. Williams ; with two chapters coauthored by Gregory G. Colomb.
260 ## - PUBLICACIÓN, DISTRIBUCIÓN, ETC.
Lugar de publicación, distribución, etc. Chicago :
Nombre del editor, distribuidor, etc. The University of Chicago Press,
Fecha de publicación, distribución, etc. [1990]
300 ## - DESCRIPCIÓN FÍSICA
Extensión XVII, 208 p. ;
Dimensiones 22 cm.
490 1# - MENCIÓN DE SERIE
Mención de serie Chicago guides to writing, editing and publishing
650 14 - PUNTO DE ACCESO ADICIONAL DE MATERIA--TÉRMINO DE MATERIA
Término de materia o nombre geográfico como elemento de entrada Lengua inglesa-
Subdivisión general Redacción.
9 (RLIN) 14285
700 1# - ENTRADA AGREGADA--NOMBRE PERSONAL
Nombre de persona Colomb, Gregory G.
9 (RLIN) 39812
830 0# - PUNTO DE ACCESO ADICIONAL DE SERIE-TÍTULO UNIFORME
Título uniforme Chicago guides to writing, editing and publishing
9 (RLIN) 228498
852 ## - LOCALIZACIÓN
Ubicación ES-MaACL
Número de control de estantería L-21531
Sublocalización o colección R.119677
Holdings
Estatus retirado Estado de pérdida Estado de daño No para préstamo Biblioteca de origen Biblioteca actual Ubicación en estantería Fecha de adquisición Fuente de adquisición Total de préstamos Signatura topográfica completa Código de barras Visto por última vez Precio de reemplazo Tipo de ítem Koha
        Biblioteca del Ateneo de Madrid Biblioteca del Ateneo de Madrid Depósito 2 17/01/2008     L-21531 1014520 23/02/2023 23/02/2023 Libro impreso